| 000 | 00772nam a2200205 u 4500 | ||
|---|---|---|---|
| 001 | 000260613 | ||
| 003 | AM-YeHGA | ||
| 005 | 20250618071738.0 | ||
| 008 | 030910s1980 ai r 000 0 arm d | ||
| 040 | _aAM-YeHGA | ||
| 090 | _aՖ-44 | ||
| 100 | 1 | _aՖեսունենկո, Իգոր Սերգեևիչ | |
| 245 | 1 | 0 |
_aՊելեն, Գարինչան և ֆուտբոլը... / _cԻ. Ֆեսունենկո; Ռուս. թարգմ.՝ Հ. Այվազյան; Խմբ.՝ Մ.Ս. Իսպիրյան. |
| 260 |
_aԵրևան : _bՀայաստան, _c1980. |
||
| 300 |
_a260 էջ ; _c20 սմ. |
||
| 650 | 1 | 4 |
_aՍպորտ _xՖուտբոլ |
| 700 | 1 |
_aԱյվազյան, Հ. _eթարգմ. _4trl |
|
| 700 | 1 |
_aԻսպիրյան, Միքայել Սիսակի, _d1937- _eխմբ. _4edt _93576 |
|
| 090 | _c95504 | ||
| 999 |
_c94203 _d94203 |
||